Country Quiz: Liechtenstein Stats

Quiz not verified by Sporcle

Challenge
Share
Tweet
Embed
Score 0/50 Timer 07:00
0 Plays Today
Hint Answer % Correct
Flag colourRed
96.4%
Flag colourBlue
96%
Bordering countrySwitzerland
92.8%
Bordering countryAustria
92.4%
ContinentEurope
90.8%
Official languageGerman
90%
Age of suffrage18
89.6%
Internet country code.li
89.6%
Drives on the...Right
88.8%
Capital cityVaduz
87.2%
Flag colourGold
83.6%
Surname of family who purchased the landLiechtenstein
78%
Major mountain rangeAlps
66.4%
Number of communes11
64.4%
Symbol on flagCrown
63.6%
Largest religionChristianity
63.6%
Official namePrincipality of Liechtenstein
61.2%
Nationality (Demonym)Liechtensteiner
57.6%
Longest riverRhine
55.6%
Number of Olympic medals won9
52%
Head of state (title)Prince
48.8%
CurrencySwiss franc
48.4%
Largest citySchaan
42.4%
Largest commune by populationSchaan
42.4%
Head of government (title)Prime Minister
35.2%
Hint Answer % Correct
Most popular sportSkiing
34.8%
System of governmentConstitutional monarchy
33.6%
Independence fromHoly Roman Empire
32%
Head of state (name of incumbent)Hans Adam II
26.8%
Year of first Olympic medal1976
22.4%
Year of first victory of national football team1998
20.4%
Year of independence1806
17.2%
Official residence of head of stateVaduz Castle
14.4%
National anthemUp above the Young Rhine
13.2%
Major exportFalse teeth
12%
International dialling code423
11.2%
Leading goalscorerMario Frick
10.8%
National Day15th August
10%
Highest point (2599m)Grauspitz
10%
Official mottoFor God, Prince and Fatherland
9.6%
Largest commune by areaTriesenberg
9.6%
Year armed forces disbanded1868
9.2%
Smallest commune by populationPlanken
8.4%
Smallest commune by areaSchellenberg
7.2%
Head of government (name of incumbent)Adrian Hasler
6.8%
National stadiumRheinpark Stadion
6%
First Olympic medallistHanni Wenzel
5.2%
OppositionAzerbaijan
5.2%
Last military engagementAustro-Prussian War
4%
Lowest point (429m)Bangserfeld
1.6%

You're not logged in!

Compare scores with friends on all Sporcle quizzes.
Sign Up with Email
OR
Log In

You Might Also Like...

Show Comments

Extras

Top Quizzes Today


Score Distribution

Your Account Isn't Verified!

In order to create a playlist on Sporcle, you need to verify the email address you used during registration. Go to your Sporcle Settings to finish the process.

Report this User

Report this user for behavior that violates our Community Guidelines.

Details: